=LDR 00000nam 2200000 4500 =001 INLIS000000000051737 =005 20171113041336 =035 ##$$a 0010-1117000009 =007 ta =008 171113###########################0###### =082 ##$$a F Rom D =084 ##$$a F Rom D TJA i =100 #$$a tjamboek berduri =245 1#$$a indonesia dalem api dan bara =260 ##$:$b elkasa,$c 2004 =300 ##$$a 398 hlm. =990 ##$$a 1303213032 =990 ##$$a 01201713032